000 nam a22 a 4500
999 _c3398
_d3398
003 AKMAL
005 20170522150110.0
008 170522s1991 cau 00 eng d
020 _a156052099X:
_cRM 29.13
040 _aAKMAL
082 0 4 _a658.406 GOM
090 _a658.406
_bGOM
100 1 _aGoman, Carol Kinsey
_96870
245 1 0 _aManaging for commitment :
_bdeveloping loyalty in changing workplace /
_cCarol Kinsey Goman
260 _aLos Altos, Calif. :
_bCrisp Publications,
_c1991
300 _aiv, 72p. :
_bill. ;
_c25cm
650 _aCorporate culture
_xProblems, exercises, etc.
_96871
650 _aEmployee motivation
_xProblems, exercises, etc.
_96872
650 _aLoyalty
_96873
942 _2ddc
_cBOOK